[Event "Corus"]
[Site "Wijk aan Zee"]
[Date "2000.01.27"]
[Round "10"]
[White "Anand, V."]
[Black "Morozevich, A."]
[Result "1/2-1/2"]
[WhiteElo "2769"]
[BlackElo "2748"]
[PlyCount "71"]

1. d4 d5 2. c4 c6 3. Nf3 Nf6 4. Nc3 dxc4 5. a4 Bf5 6. Ne5 Nbd7 7. Nxc4 Qc7 8.
g3 e5 9. dxe5 Nxe5 10. Bf4 Nfd7 11. Bg2 f6 12. O-O Nc5 13. Ne3 Be6 14. b4 Rd8
15. Qc2 Na6 16. b5 Nb4 17. Qe4 Bc5 18. Rad1 O-O 19. Nc4 Rxd1 20. Rxd1 Bd5 21.
Nxd5 cxd5 22. Rxd5 Nxd5 23. Qxd5+ Kh8 24. e3 Rd8 25. Bxe5 fxe5 26. Qe4 Rd1+ 27.
Bf1 Be7 28. Kg2 Qd7 29. Na5 Qd5 30. Qxd5 Rxd5 31. Nxb7 Rd7 32. Na5 e4 33. Nb3
g6 34. a5 Bb4 35. Bc4 Kg7 36. b6 1/2-1/2

[Event "Corus"]
[Site "Wijk aan Zee"]
[Date "2000.01.29"]
[Round "12"]
[White "Lputian, S."]
[Black "Short, N."]
[Result "1/2-1/2"]
[WhiteElo "2605"]
[BlackElo "2683"]
[PlyCount "96"]

1. Nf3 Nf6 2. c4 b6 3. d4 e6 4. a3 Bb7 5. Nc3 d5 6. cxd5 Nxd5 7. Bd2 c5 8. e4
Nxc3 9. Bxc3 a6 10. Bd3 cxd4 11. Nxd4 Nd7 12. O-O Qh4 13. Re1 Bc5 14. Nf3 Qh6
15. b4 Be7 16. Rc1 Rc8 17. Qe2 b5 18. Bd2 Qh5 19. a4 O-O 20. axb5 axb5 21. Bxb5
Ne5 22. Nxe5 Qxe5 23. Bd3 Rfd8 24. Rxc8 Bxc8 25. Rd1 Bb7 26. Be1 h6 27. g3 Kh8
28. Bc2 Rxd1 29. Qxd1 Bxe4 30. Qe2 f5 31. Bxe4 fxe4 32. Qe3 Qd5 33. Bc3 Kh7 34.
Qd2 Qc4 35. h4 Kg6 36. Kg2 h5 37. Qe3 Qd5 38. Kh2 Qc4 39. Bd4 Qd5 40. Bc5 Bxc5
41. Qxc5 Qxc5 42. bxc5 Kf6 43. g4 g6 44. Kg3 e5 45. f4 hxg4 46. Kxg4 e3 47.
fxe5+ Kxe5 48. Kf3 Kd5 1/2-1/2